Statistics for Geometry Dash Difficulty Faces

Click here to take the quiz!

General Stats

  • This quiz has been taken 1,565 times
  • The average score is 10 of 11

Answer Stats

Answer% Correct
Easy
97%
Hard
95%
Auto
94%
Normal
90%
Insane
89%
Easy Demon
88%
Harder
88%
Hard Demon
86%
Insane Demon
84%
Extreme Demon
83%
Medium Demon
82%

Score Distribution

Percentile by Number Answered

Percent of People with Each Score

Your Score History

You have not taken this quiz